Responses for Show #8575 - Friday, February 11, 2022

Contestants

[<< previous game]

Dave Rapp, a writer from Valley Village, California

Gillian Cruz, a student at the University of Kansas from Kansas City, Missouri

Nick Heise, a technical services engineer from Madison, Wisconsin (whose 1-day cash winnings total $25,900)

[next game >>]

Jeopardy! Round responses

NAMES OF THE PAST
AMERICAN FOLKLORE
BOATS & SHIPS
I'M TOO SEXY: A LYRICAL POTPOURRI
MY MOVIE OCCUPATION
ORDINAL PHRASES
    $200 30
Gandhi

Dave
    $200 8
John Henry

Dave
    $200 15
Pearl Harbor

Dave
    $200 25
my shirt

Nick
    $200 17
a senator

Dave
    $200 3
sixth sense

Dave
    $400 1
Ariel Sharon

Triple Stumper
    $400 2
Blackbeard

Dave
    $400 16
the Amistad

Dave
    $400 26
(a political) party

Nick
    $400 18
(Mayim: Yes, he was a personal injury [**].)

a lawyer (attorney)

Dave
    $400 4
(Gillian: What is the "Windy City"?)
...
(Mayim: As a reminder, we're looking for ORDINAL PHRASES.)

the "Second City"

GillianDave
    $600 12
Johann Strauss Jr.

Triple Stumper
    $600 9
(Dave: Who is Paul Bunyan?)

Babe (the Blue Ox)

NickDave
    $600 22
a catamaran

Nick
    $600 27
Milan

Nick
    $600 19
a figure skater

Dave
    $600 5
[ERRATUM: The cited-to parable is in Matthew 20. The Gospel of Mark only goes up to chapter 16.]

the eleventh hour

Nick
    $800 13
Giza

Nick
    $800 10
Bloody Mary

Nick
    $3,400 23
(Nick: What are... Viking longships?)

the swan boats

Nick
    $800 28
a cat

Triple Stumper
    $800 20
a teacher

Dave
    $800 6
the third rail

Dave
    $1000 14
Attila the Hun

Triple Stumper
    $1000 11
Pecos Bill

Triple Stumper
    $1000 24
the Enterprise

Dave
    $1000 29
Japan

Triple Stumper
    $1000 21
(Mayim: Yes, and you ran that category, well done.)
[Applause]

a policeman

Dave
    $1000 7
the Fourth Estate

Dave

Scores at the first commercial break (after clue 15):

Nick Gillian Dave
$2,800 -$400 $2,600

Scores at the end of the Jeopardy! Round:

Nick Gillian Dave
$1,200 -$400 $7,200

Double Jeopardy! Round responses

A PLACE IN THE SUN
AUTOBIOGRAPHIES
WEAPONS
FLOWER NAMES
TRANSLATE THE BRITISH ENGLISH
["BRITISH" was stylized in the BlackCastleMF Regular font.]
"S.T." ON THE TV
(Mayim: A response might be "Shadow Theater".)
    $400 21
Rhodes

Nick
    $400 26
Tiger

Dave
    $400 1
boomerang

Dave
    $400 16
a dove

Dave
    $400 10
["TURN-UPS" was stylized in the BlackCastleMF Regular font.]

cuffs

Dave
    $400 2
Star Trek

Gillian
    $800 22
Peru

Nick
    $800 27
The Supremes

Dave
    $800 3
a sling

Gillian
    $800 17
sunflower

Dave
    $800 9
["AERIAL" was stylized in the BlackCastleMF Regular font.]

an antenna

Gillian
    $800 5
(Gillian: What is Space Force?)

Stranger Things

GillianDave
    $1200 23
Yuma

Dave
    $5,000 28
the Dalai Lama

Dave
    $1200 4
a saber

Dave
    $1200 18
a pansy

Nick
    $1200 11
["INTERVAL" was stylized in the BlackCastleMF Regular font.]

intermission

Nick
    $1200 6
Steven Tyler

Nick
    $1600 24
the Costa del Sol

Dave
    $1600 29
Angela Davis

Triple Stumper
    $1600 13
the claymore

Gillian
    $1600 19
foxglove

Dave
    $1600 12
["CASUALTY DEPARTMENT" was stylized in the BlackCastleMF Regular font.]

the E.R.

Gillian
    $1600 7
Squidward Tentacles

Nick
    $2000 25
Ethiopia

Nick
    $2000 30
the Symbionese Liberation Army

Dave
    $2000 14
a halberd

Nick
    $4,000 20
lupine

Dave
    $2000 15
["VERGE" was stylized in the BlackCastleMF Regular font.]

shoulder

Dave
    $2000 8
Sam Tarly

Nick

Scores at the end of the Double Jeopardy! Round:

Nick Gillian Dave
$13,600 $4,000 $29,800
(lock game)

[wagering suggestions for these scores]

Final Jeopardy! Round responses

INTERNATIONAL PLAYWRIGHTS
(Mayim: [To Dave] The dictum is known as [*]'s gun. "If in the first act you've hung a pistol on the wall, then in the following one, it should be fired. Otherwise don't put it there.")
GillianWho is Twain?
$4,000
NickWho is Ibsen??
$5,300
DaveWho is Chekov?
$200
(Anton) Chekhov

Final scores:

Nick Gillian Dave
$8,300 $0 $30,000
2nd place: $2,000 3rd place: $1,000 New champion: $30,000

Game dynamics:

Coryat scores:

Nick Gillian Dave
$17,000 $4,000 $24,000
17 R,
1 W
(including 1 DD)
5 R,
2 W
30 R
(including 2 DDs),
1 W

Combined Coryat: $45,000

[game clues] [game scores] [suggest correction]

Game tape date: 2021-11-30
The J! Archive is created by fans, for fans. Scraping, republication, monetization, and malicious use prohibited; this site may use cookies and collect identifying information. See terms. The Jeopardy! game show and all elements thereof, including but not limited to copyright and trademark thereto, are the property of Jeopardy Productions, Inc. and are protected under law. This website is not affiliated with, sponsored by, or operated by Jeopardy Productions, Inc. Join the discussion at JBoard.tv.